| 000 | 00424 a2200157 4500 | ||
|---|---|---|---|
| 005 | 20250626170549.0 | ||
| 020 | _a0-07-561286-0 | ||
| 082 | _a658.5 DAV | ||
| 100 | _aDAVIS, M. M. | ||
| 245 | _aFundamentals of Operations Management. | ||
| 250 | _a3rd Ed. | ||
| 260 |
_aBoston, _bIrwin McGraw-Hill, _c1999. |
||
| 300 |
_axx; 600p.: ill.; picture _bIndex _c25 cm |
||
| 700 | _aAQUILANO, N. J. [... et al...] | ||
| 942 |
_2ddc _cBKS |
||
| 999 |
_c5278 _d5278 |
||